[Event "Regionalliga SW 0001"]
[Site "Bayern"]
[Date "2001.01.14"]
[Round "4.7"]
[White "Hofmann, Michael2"]
[Black "Ritter, Thomas"]
[Result "0-1"]
[WhiteElo "1985"]
[BlackElo "1965"]
[PlyCount "98"]
[EventDate "2000.10.15"]
[EventType "team-tourn"]
[EventRounds "9"]
[EventCountry "GER"]
[SourceTitle "EXT 2020"]
[Source "ChessBase"]
[SourceDate "2019.10.17"]
[SourceVersion "1"]
[SourceVersionDate "2019.10.17"]
[SourceQuality "1"]
[WhiteTeam "Augsburg SG 1873"]
[BlackTeam "Garching"]
[WhiteTeamCountry "GER"]
[BlackTeamCountry "GER"]

1. c4 Nf6 2. Nc3 e6 3. g3 d5 4. cxd5 exd5 5. Nf3 d4 6. Nb5 c5 7. Bg2 Nc6 8. 0-0 a6 9. Na3 Be6 10. d3 Bd6 11. Bg5 h6 12. Bxf6 Qxf6 13. Nd2 Qe7 14. Nac4 0-0 15. Nxd6 Qxd6 16. Ne4 Qe7 17. Qc2 b6 18. a3 Rfc8 19. b3 Rab8 20. Rfb1 a5 21. Rb2 Rc7 22. Qc1 Rd8 23. h4 Bd5 24. Qf4 Ra7 25. Rd1 Ne5 26. h5 Qe6 27. Qh4 Re8 28. b4 axb4 29. axb4 c4 30. f4 c3 31. Rbb1 Nc6 32. f5 Qe5 33. f6 Bxe4 34. Bxe4 Re6 35. fxg7 f5 36. Bf3 Rxg7 37. Kh2 Qe3 38. Rf1 Ne5 39. Ra1 Nxf3+ 40. exf3 Re8 41. Rad1 c2 42. Rc1 Qxd3 43. Qf6 Qd2+ 44. Kh3 d3 45. Qc6 Rf8 46. Qe6+ Kh7 47. g4 Qc3 48. g5 Rxg5 49. Kh4 Qg7 0-1

[Event "Regionalliga SW 9899"]
[Site "Bayern"]
[Date "1998.??.??"]
[Round "3.7"]
[White "Wiesner, Reinhard"]
[Black "Ritter, Thomas"]
[Result "0-1"]
[WhiteElo "1955"]
[BlackElo "1945"]
[PlyCount "62"]
[EventDate "1998.??.??"]
[EventType "team-tourn"]
[EventRounds "9"]
[EventCountry "GER"]
[SourceTitle "EXT 2020"]
[Source "ChessBase"]
[SourceDate "2019.10.17"]
[SourceVersion "1"]
[SourceVersionDate "2019.10.17"]
[SourceQuality "1"]
[WhiteTeam "Pasing II"]
[BlackTeam "Garching"]
[WhiteTeamCountry "GER"]
[BlackTeamCountry "GER"]

1. e4 e5 2. Nf3 Nc6 3. Bb5 a6 4. Ba4 Bc5 5. Nc3 b5 6. Bb3 Nf6 7. d3 d6 8. Bg5 h6 9. Be3 0-0 10. a4 Rb8 11. axb5 axb5 12. Nd5 Bg4 13. c3 b4 14. Ba4 Nxd5 15. exd5 Ne7 16. h3 Bxe3 17. fxe3 bxc3 18. hxg4 cxb2 19. Rb1 Nxd5 20. Qd2 c5 21. Ke2 Qb6 22. g5 Qa6 23. Bd7 e4 24. Ne1 hxg5 25. Rxb2 Rxb2 26. Qxb2 exd3+ 27. Nxd3 c4 28. Bb5 Qxb5 29. Qxb5 Nc3+ 30. Kd2 Nxb5 31. Nb4 Ra8 0-1

[Event "Regionalliga SW 9596"]
[Site "Bayern"]
[Date "1996.??.??"]
[Round "?"]
[White "Ritter, Thomas"]
[Black "Hutter, Otto"]
[Result "1-0"]
[WhiteElo "1920"]
[BlackElo "1910"]
[PlyCount "117"]
[EventDate "1995.10.??"]
[EventType "team-tourn"]
[EventRounds "9"]
[EventCountry "GER"]
[SourceTitle "EXT 1999"]
[Source "ChessBase"]
[SourceDate "1998.11.16"]
[SourceVersion "1"]
[SourceVersionDate "1998.11.16"]
[SourceQuality "1"]
[WhiteTeam "Garching"]
[BlackTeam "Augsburg SG 1873"]
[WhiteTeamCountry "GER"]
[BlackTeamCountry "GER"]

1. e4 e6 2. d4 d5 3. exd5 exd5 4. Nf3 Bd6 5. c4 Qe7+ 6. Be2 dxc4 7. 0-0 Nf6 8. Bxc4 0-0 9. Re1 Qd8 10. Bg5 Nbd7 11. Nc3 Nb6 12. Bb3 h6 13. Bh4 Bg4 14. Qd3 Bxf3 15. Qxf3 g5 16. Bg3 Bxg3 17. hxg3 c6 18. Rad1 Qd6 19. d5 Nbxd5 20. Nxd5 Nxd5 21. Bxd5 cxd5 22. Qxd5 Qxd5 23. Rxd5 Rad8 24. Rxd8 Rxd8 25. Re7 Rb8 26. g4 a6 27. Rc7 Kg7 28. b4 b5 29. Rc6 Ra8 30. Rb6 a5 31. a3 axb4 32. axb4 Ra1+ 33. Kh2 Ra2 34. f3 Rb2 35. Rxb5 Rb3 36. Rb8 Rb2 37. b5 Kf6 38. b6 Ke7 39. Kg1 Kd7 40. b7 Kc7 41. Rf8 Kxb7 42. Rxf7+ Ka6 43. Rf6+ Rb6 44. Rxb6+ Kxb6 45. Kf2 Kc5 46. Ke3 Kd5 47. f4 gxf4+ 48. Kxf4 Ke6 49. g5 Kf7 50. gxh6 Kg6 51. g4 Kxh6 52. Kf5 Kh7 53. Kf6 Kh6 54. g5+ Kh7 55. Kf7 Kh8 56. Kf6 Kh7 57. Kf7 Kh8 58. Kg6 Kg8 59. Kh6 1-0